| 000 | 00547nam a2200241Ia 4500 | ||
|---|---|---|---|
| 008 | 210210b2012 xxu||||| |||| 00| 0 eng d | ||
| 020 | _a9788192193151 | ||
| 041 | _aeng | ||
| 082 | _aH891.309 JAYU | ||
| 100 | _aJAYASHRI (Enam) | ||
| 245 | _aUpanyAskAr kraShNa sObtI evam nArI asmita | ||
| 260 |
_aKAnpur _b- _c2012 |
||
| 300 | _a104 | ||
| 650 | _aUpanyAskAr | ||
| 650 | _asObtI | ||
| 650 | _anArI | ||
| 650 | _akraShNa | ||
| 650 | _aevam | ||
| 650 | _aasmita | ||
| 650 | _aasimta | ||
| 690 | _aHindi Criticism | ||
| 906 | _a067379 | ||
| 999 |
_c150778 _d150778 |
||